El subdesarrollo latinoamericano

Este libro es el trabajo realizado en el curso de tres décadas y es necesario indagar lo que merece ser salvado, lo que continua siendo valido como estimulo al trabajo creador de la nueva generación con miras al desarrollo de la región latinoamericana.

Salvato in:
Dettagli Bibliografici
Autore principale: Furtado, Celso
Natura: Libro
Lingua:Spanish
Pubblicazione: Mexico D.F: Fondo de Cultura Económica, 1982
Serie:Lecturas; No. 45
Soggetti:
Accesso online:Enlace del recurso
Tags: Aggiungi Tag
Nessun Tag, puoi essere il primo ad aggiungerne! !

MARC

LEADER 00000nam a2200000 a 4500
001 000540
008 021209s1992 mx # fr# #000|0#spa#d
020 |a 968-16-1047-4 
041 0 |a spa 
043 |a n-mx--- 
082 0 4 |a 338.98  |b F867s 
100 1 |a Furtado, Celso 
245 1 3 |a El subdesarrollo latinoamericano   |c Celso Furtado 
260 |a Mexico D.F:  |b Fondo de Cultura Económica,  |c 1982 
300 |a 329 p. 
440 0 |a Lecturas;  |v No. 45 
520 3 |a Este libro es el trabajo realizado en el curso de tres décadas y es necesario indagar lo que merece ser salvado, lo que continua siendo valido como estimulo al trabajo creador de la nueva generación con miras al desarrollo de la región latinoamericana. 
650 1 4 |a REGIONES SUBDESARROLLADAS  |z AMÉRICA LATINA 
650 1 4 |a DESARROLLO ECONÓMICO 
999 |c 2692  |d 2692 
856 |u https://catalogo.idep.edu.co/cgi-bin/koha/opac-detail.pl?biblionumber=2692  |z Enlace del recurso